LEADER 01217nam a2200277 u 4500 001 000000115911 003 CaOOAMICUS 005 20090528154319.0 008 090528s2007 it u000 u ita r 020 $a88-7431-343-8 040 $aPUL$bita$dLDB 100 1 $aDel Giudice, Armando,$d1977-$0(OLS)http://pul/name/71940 245 10$aHans Jonas: la bioetica come problema di storia della filosofia /$cArmando Del Giudice. 260 $aNapoli :$bGiannini,$cc2007. 300 $a261 p. ;$c23 cm 490 1 $aCultura Filosofica e Scienze Umane ;$v08 504 $aInclude bibliografia. 600 14$aJonas, Hans,$d1903-1993.$0(OLS)http://pul/subject/33469 650 4$aBioetica.$0(OLS)http://pul/subject/2868 830 0$aCultura Filosofica e Scienze Umane ;$v08.$0(OLS)http://pul/title/119029 850 $aPUL 852 $aPUL$W1$xSL Filosofia 3$y81$m174. 9 DELAR 1$j132801$qDDC 21$B131798$CPULBib$Z2$F131798 $H110271 $82 941 1 $a9 996 $6020$a88-7431-343-8$9(OLS)http://pul/number/140908 996 $6245$aHans Jonas: la bioetica come problema di storia della filosofia$9(OLS)http://pul/title/145651 996 $6260$aNapoli :$bGiannini$9(OLS)http://pul/publisher/48533 LEADER 01594nam a2200349 a 4500 001 000000149325 003 CaOOAMICUS 005 20160211111655.0 008 160211s2015 it u000 u ita r 020 $a978-88-14-20566-8* 032 $aLibriCat 040 $aPUL$bita 082 $a346.45 245 00$aDella proprietà :$b(artt. 810-1172) /$ca cura di Corrado Bile ... [et al.] ; con il coordinamento di Saverio Ruperto. 260 $aMilano :$bGiuffrè,$c2015. 300 $aLII, 596 p. ;$c24 cm. 490 1 $aGiurisprudenza sul codice civile coordinata con la dottrina : aggiornamento 2011-2015 ;$v03 500 $aComprende indici. 500 $aIn testa al front.: Cesare Ruperto. 650 4$aDiritto civile$zItalia.$0(OLS)http://pul/subject/3770 700 1 $aRuperto, Cesare.$0(OLS)http://pul/name/40821 700 1 $aBile, Corrado.$0(OLS)http://pul/name/85621 700 1 $aRuperto, Saverio.$0(OLS)http://pul/name/83100 830 0$aGiurisprudenza sul codice civile coordinata con la dottrina : aggiornamento 2011-2015 ;$v03.$0(OLS)http://pul/title/184852 850 $aPUL 852 $aPUL$W1$xSL Diritto e Scienze Sociali 3$y79$m346. 45 RUPCE 1.3.5$j171977$qDDC 21$B173568$CPULBib$Z2$F173568 $H127112 $81 941 1 $a9 996 $6020$a978-88-14-20566-8*$9(OLS)http://pul/number/159637 996 $6082$a346.45$9(OLS)http://pul/classification/372 996 $6245$aDella proprietà :$b(artt. 810-1172)$9(OLS)http://pul/title/188260 996 $6260$aMilano :$bGiuffrè$9(OLS)http://pul/publisher/48401